| 000 | 00833nam a22001577a 4500 | ||
|---|---|---|---|
| 003 | OSt | ||
| 005 | 20151005151235.0 | ||
| 008 | 151005b xxu||||| |||| 00| 0 eng d | ||
| 040 | _cRUA | ||
| 082 | _aAVM MAO 2001 B072 Or.1 | ||
| 100 |
_92053 _aMAO, SOTHEARY. |
||
| 245 | _aThe study on growth rate of chicken by utilization of cassava leave in diet at the research satation of R.U.A, ការសិក្សាលើអត្រាលូតលាស់របស់មាន់សាច់ ដោយប្រើប្រាស់ស្លឹកដំឡូងមីក្នុងចំណី នៅស្ថានីយ៏ចិញចឹមសត្វនៃសាកលវិទ្យាល័យភូមិន្ទកសិកម្ម | ||
| 260 |
_aPhnom Penh _bRUA _c2001 |
||
| 300 |
_avii; 34p. _bill. _c29cm. |
||
| 942 |
_2ddc _cAVM |
||
| 999 |
_c1940 _d1940 |
||